Countries that are producing the most peanuts - Statistics

General Stats
  • This quiz has been taken 18 times
  • The average score is 17 of 24
Answer Stats
Answer Production (T) % Correct
United States 2.5M
100%
India 10.1M
94%
Brazil 848.2K
89%
China 18.3M
89%
Chad 829.4K
83%
Angola 226.2K
78%
Argentina 1.3M
78%
D.R. Congo 486.4K
78%
Indonesia 379K
78%
Mali 442.7K
78%
Niger 670.6K
78%
Nigeria 4.3M
78%
Ghana 611K
72%
Senegal 1.5M
72%
Tanzania 710K
67%
Vietnam 408.1K
67%
Cameroon 500K
61%
Central African Republic 574.5K
61%
Ivory Coast 243K
61%
Sudan 2.5M
61%
Burkina Faso 559.1K
56%
Myanmar 1.7M
39%
Malawi 350K
33%
Nicaragua 222.2K
11%
No matching quizzes found
Score Distribution
Percent of People with Each Score
Percentile by Number Answered
Your Score History
You have not taken this quiz